LIBRARY & INFORMATION CENTRE, KCAET, TAVANUR

ONLINE PUBLIC ACCESS CATALOGUE (OPAC)

Crop Genetic Resources : Conservation and Evaluation / (Record no. 1944)

MARC details
000 -LEADER
fixed length control field 00388cam a2200145ua 4500
020 ## - INTERNATIONAL STANDARD BOOK NUMBER
ISBN 0-04-581017
082 ## - DEWEY DECIMAL CLASSIFICATION NUMBER
Classification number 631.52
Item number HOL/CR
100 ## - MAIN ENTRY--AUTHOR NAME
Personal name Holden, V.H.W .
245 ## - TITLE STATEMENT
Title Crop Genetic Resources : Conservation and Evaluation /
250 ## - EDITION STATEMENT
Edition statement 1 /
260 ## - PUBLICATION, DISTRIBUTION, ETC. (IMPRINT)
Place of publication London :
Name of publisher George Allen & Unwin Ltd ,
Year of publication 1984.
300 ## - PHYSICAL DESCRIPTION
Number of Pages 296 ; .
700 1# - ADDED ENTRY--PERSONAL NAME
Personal name Williams, J.T .
942 ## - ADDED ENTRY ELEMENTS (KOHA)
Koha item type Books
Holdings
Withdrawn status Lost status Damaged status Home library Current library Date acquired Full call number Accession Number Koha item type
      KAUAET KAUAET 28/03/1987 631.52 16322 Books
free website counter